Wszystkie gry z serii Counter-Strike - Statystyki

Ogólne statystyki
  • Ten quiz został rozwiązany 186 razy
    181 od ostatniego zresetowania
  • Średni wynik to 6 z 10
Statystyki odpowiedzi
Data Wydania Odpowiedź % Poprawnych
19.06.1999r. Counter-Strike
100%
21.08.2012r. Counter-Strike Global Offensive
95%
27.09.2023r. Counter-Strike 2
94%
07.10.2004r. Counter-Strike Source
88%
12.09.2003r. Counter-Strike 1.6
87%
21.03.2004r. Counter-Strike Condition Zero
59%
23.09.2014r. Counter-Strike Nexon Zombies
18%
21.03.2004r. Counter-Strike Condition Zero Deleted Scenes
15%
24.01.2008r. Counter-Strike Online
15%
28.11.2013r. Counter-Strike Online 2
8%
Nie znaleziono quizów pasujących do podanych kryteriów
Rozkład punktacji
Procent ludzi z każdym wynikiem
Percentyl według liczby udzielonych odpowiedzi
Twoja historia wyników
Nie rozwiązałeś tego quizu od ostatniego zresetowania